Эффективность методов ликвидации разливов нефти на акваториях; Проблемы геологии и освоения недр; Т. 2

Detaylı Bibliyografya
Parent link:Проблемы геологии и освоения недр: труды XVI Международного симпозиума имени академика М. А. Усова студентов и молодых ученых, Томск, 2-7 апреля 2012 г./ Национальный исследовательский Томский политехнический университет (ТПУ), Институт природных ресурсов (ИПР) ; Общество инженеров-нефтяников, Студенческий чаптер ; под ред. О. Г. Савичева.— , 2012
Т. 2.— 2012.— [С. 408-410]
Yazar: Антропова Н. А. Наталья Алексеевна
Diğer Yazarlar: Шефер Я. Е. Яна Евгеньевна
Özet:Заглавие с титульного листа
Dil:Rusça
Baskı/Yayın Bilgisi: 2012
Seri Bilgileri:Современные технологии и техника нефтегазопроводов и нефтегазохранилищ
Konular:
Online Erişim:http://www.lib.tpu.ru/fulltext/c/2012/C11/V2/187.pdf
Materyal Türü: Elektronik Kitap Bölümü
KOHA link:https://koha.lib.tpu.ru/cgi-bin/koha/opac-detail.pl?biblionumber=234603

MARC

LEADER 00000naa2a2200000 4500
001 234603
005 20260209093839.0
035 |a (RuTPU)RU\TPU\book\255728 
035 |a RU\TPU\book\255722 
090 |a 234603 
100 |a 20130327d2012 k y0rusy50 ca 
101 0 |a rus 
102 |a RU 
135 |a drcn ---uucaa 
181 0 |a i  
182 0 |a b 
200 1 |a Эффективность методов ликвидации разливов нефти на акваториях  |f Н. А. Антропова, Я. Е. Шефер 
203 |a Текст  |c электронный 
215 |a 1 файл (447 Кб) 
225 1 |a Современные технологии и техника нефтегазопроводов и нефтегазохранилищ 
300 |a Заглавие с титульного листа 
320 |a [Библиогр.: с. 410 (3 назв.)] 
337 |a Adobe Reader 
461 1 |0 (RuTPU)RU\TPU\book\252494  |t Проблемы геологии и освоения недр  |o труды XVI Международного симпозиума имени академика М. А. Усова студентов и молодых ученых, Томск, 2-7 апреля 2012 г.  |o в 2 т.  |f Национальный исследовательский Томский политехнический университет (ТПУ), Институт природных ресурсов (ИПР) ; Общество инженеров-нефтяников, Студенческий чаптер ; под ред. О. Г. Савичева  |d 2012 
463 1 |0 (RuTPU)RU\TPU\book\252518  |t Т. 2  |v [С. 408-410]  |d 2012 
610 1 |a труды учёных ТПУ 
610 1 |a электронный ресурс 
610 1 |a разливы 
610 1 |a нефти 
610 1 |a нефтепродукты 
610 1 |a акватории 
610 1 |a ликвидация последствий 
700 1 |a Антропова  |b Н. А.  |c специалист в области транспорта и хранения нефти  |c доцент Томского политехнического университета, кандидат геолого-минералогических наук  |f 1959-  |g Наталья Алексеевна  |3 (RuTPU)RU\TPU\pers\26134  |9 11963 
701 1 |a Шефер  |b Я. Е.  |g Яна Евгеньевна 
801 1 |a RU  |b 63413507  |c 20130205 
801 2 |a RU  |b 63413507  |c 20130327  |g RCR 
856 4 |u http://www.lib.tpu.ru/fulltext/c/2012/C11/V2/187.pdf 
942 |c CF